| 000 | 00663nam a2200193 i 4500 | ||
|---|---|---|---|
| 001 | bg | ||
| 245 | 0 | 0 |
_aSłownik naukowo-techniczny angielsko-polski = _bEnglish-Polish dictionary of science and technology / _cred. Sergiusz czerni i Maria Skrzyńska. |
| 246 | 3 | 1 | _aEnglish-Polish dictionary of science and technology |
| 250 | _aWyd. 6 popr. i rozsz. | ||
| 260 |
_aWarszawa : _bWydawnictwa Naukowo-Techniczne, _c1982. |
||
| 650 | 4 | _aTechnika | |
| 650 | 4 | _aSłownik angielsko-polski | |
| 700 | 1 |
_aCzerni, Sergiusz. _eRed. |
|
| 700 | 1 |
_aSkrzyńska, Maria. _eRed. |
|
| 040 | _cBPK | ||
| 041 | _apol | ||
| 942 | _cKS | ||
| 008 | s pl f |000 0 pol | ||
| 999 |
_c20782 _d20782 |
||
| 856 |
_uhttp://koha.tu.koszalin.pl/cgi-bin/koha/opac-detail.pl?biblionumber=20782 _yKatalog online BPK |
||